Μέτρα προστασίας και ανάδειξης της παλιάς πόλης του Ηρακλείου : η γεωγραφική μελέτη και προσέγγιση του θέματος : πτυχιακή εργασία

Αποθηκεύτηκε σε:
Λεπτομέρειες βιβλιογραφικής εγγραφής
Κύριος συγγραφέας: Κλημαθιανός, Ιωάννης
Συγγραφή απο Οργανισμό/Αρχή: Πανεπιστήμιο Αιγαίου. Σχολή Κοινωνικών Επιστημών. Τμήμα Γεωγραφίας
Μορφή: Thesis Βιβλίο
Γλώσσα:Greek
Δημοσίευση: Μυτιλήνη : Πανεπιστήμιο Αιγαίου, Τμήμα Γεωγραφίας, 2003.
Θέματα:
Ετικέτες: Προσθήκη ετικέτας
Δεν υπάρχουν, Καταχωρήστε ετικέτα πρώτοι!

MARC

LEADER 00000cam a2200000 i 4500
001 1/90092
008 051125s2003 gr | ||| |||| ||gre||
035 |l 10081486 
040 |a GR-MyUa  |b gre  |e AACR2  
041 0 |a gre 
082 7 |a 711.4   |2 (22) 
100 1 |a Κλημαθιανός, Ιωάννης. 
245 1 0 |a Μέτρα προστασίας και ανάδειξης της παλιάς πόλης του Ηρακλείου :   |b η γεωγραφική μελέτη και προσέγγιση του θέματος : πτυχιακή εργασία /   |c Κλημαθιανός Ιωάννης.  
260 |a Μυτιλήνη :   |b Πανεπιστήμιο Αιγαίου, Τμήμα Γεωγραφίας,   |c 2003.  
300 |a 196 σ. :   |b πίν., εικ., χάρτ. ;   |c 30 εκ.  
500 |a Υπάρχει ψηφιακό αντίγραφο. 
502 |a Πτυχιακή εργασία – Πανεπιστήμιο Αιγαίου, Λέσβος, 2003.  
504 |a Βιβλιογραφία: σ. 192-194.  
650 0 |a Cities and towns  |z Greece  |z Erakleion. 
650 0 |a Urban renewal  |z Greece  |z Erakleion. 
650 0 |a Urban beatification  |z Greece  |z Erakleion. 
650 0 |a Dissertations, Academic  |z Greece. 
710 2 |a Πανεπιστήμιο Αιγαίου.   |b Σχολή Κοινωνικών Επιστημών.   |b Τμήμα Γεωγραφίας. 
852 |a INST  |b LESVOS  |c DIATR  |e 20051125  |h 275  |p 005100033215  |q 005100033215  |t DIE  |y 23 
852 |a INST  |b LESVOS  |c DIATR  |e 20051125  |h 276  |p 005100033216  |q 005100033216  |t DIE  |y 23 
901 |a BIBL1-2005-3 
924 |a Κλημαθιανός  |b Ιωάννης  |y Λέσβος  |z 2005-01 
970 |a ΜΑΡΙΝΑΤΟΥ  |b ΜΥΡΣΙΝΗ  |z 2005/11/25